Mathematical models in cell biology and cancer chemotherapy
Shranjeno v:
| Glavni avtor: | |
|---|---|
| Format: | Knjiga |
| Jezik: | angleščina |
| Izdano: |
Nueva York
Springer
1979
|
| Serija: | Lecture Notes in Biomathematics, 30
|
| Teme: | |
| Oznake: |
Označite
Brez oznak, prvi označite!
|
MARC
| LEADER | 00000nam a2200000 a 4500 | ||
|---|---|---|---|
| 001 | UCS7927 | ||
| 003 | CL-VaPUC | ||
| 008 | 971024e19790000US |||||||||||||||||eng|d | ||
| 082 | 0 | 4 | |a 570.15195 |b EIS |2 21 |
| 100 | 0 | |a Eisen, Martin |e author |9 392890 | |
| 245 | 1 | 0 | |a Mathematical models in cell biology and cancer chemotherapy |
| 300 | |a 431 p | ||
| 942 | |c BK | ||
| 945 | |d 19971024 00:00:00 |a rleighto | ||
| 260 | |a Nueva York |b Springer |c 1979 | ||
| 650 | 7 | |a BIOMATEMATICAS |2 CL-VaPUC |9 260148 | |
| 650 | 0 | |a Modelos matemáticos |9 259437 | |
| 650 | 0 | |a Biología celular |9 341055 | |
| 650 | 0 | |a Quimioterapia |9 324862 | |
| 650 | 0 | |a Cáncer |9 315942 | |
| 583 | |a last modification |c 19971024 00:00:00 |k Rodrigo Vera | ||
| 490 | 0 | |a Lecture Notes in Biomathematics, 30 | |
| 999 | |c 262667 |d 262665 | ||
| 952 | |0 0 |1 0 |4 0 |6 570_151950000000000_EIS_1979 |7 0 |8 A |9 291403 |a BIBCUR |b BIBCUR |d 2019-11-19 |i 3356450 |o 570.15195 EIS 1979 |p 3356450 |r 2025-04-22 |w 2019-11-19 |y BK |k BCB | ||